مكتبة جامعة عجلون الوطنية

فهرس بحث المكتبة

Normal view MARC view
  • قران كريم - تفسير

Entry Topical Term

Number of records used in: 1

001 - CONTROL NUMBER

  • control field: 39318

003 - CONTROL NUMBER IDENTIFIER

  • control field: JO-AjAnu

005 - DATE AND TIME OF LATEST TRANSACTION

  • control field: 20230606080535.0

008 - FIXED-LENGTH DATA ELEMENTS

  • fixed length control field: 230606|| aca||aabn | a|a d

040 ## - CATALOGING SOURCE

  • Original cataloging agency: JO-AjAnu
  • Transcribing agency: JO-AjAnu

150 ## - HEADING--TOPICAL TERM

  • Topical term or geographic name entry element: قران كريم - تفسير

670 ## - SOURCE DATA FOUND

  • Source citation: Work cat.: (JO-AjAnu)20163: تاليف الإباضي، أبي الحواؤي العماني؛ تحقيق وليد عوجان, author 39317, الدراية وكنز الغناية في منتهى الغاية وبلوغ الكفاية في تفسير خمسمائة آية من تفسير القوآن الكريم، ج1